000
00313nam a2200133Ia 4500
008
191201s2009 xx 000 0 und d
100
_a
THAKUR, Komal
245
0
_a
Simple Things make luv
250
_a
2nd IMP
260
_a
N. Delhi
_b
Srishti Publisher
_c
2009
300
_a
210
650
_a
BBA
942
_2
ddc
_c
BK
999
_c
4482
_d
4482